[Event "BL2 Sued 0708 (Women)"]
[Site "Germany"]
[Date "2007.12.02"]
[Round "4.2"]
[White "Mueller Ludwig, Kristin"]
[Black "Albert, Marion"]
[Result "1-0"]
[WhiteElo "2141"]
[BlackElo "2089"]
[PlyCount "69"]
[EventDate "2007.11.10"]
[EventType "team-tourn"]
[EventRounds "7"]
[EventCountry "GER"]
[SourceTitle "EXT 2009"]
[Source "ChessBase"]
[SourceDate "2008.11.26"]
[SourceVersion "1"]
[SourceVersionDate "2008.11.26"]
[SourceQuality "1"]
[WhiteTeam "Erfurt Medizin (W)"]
[BlackTeam "Bayern Muenchen (W)"]
[WhiteTeamCountry "GER"]
[BlackTeamCountry "GER"]

1. e4 Nf6 2. e5 Nd5 3. d4 d6 4. c4 Nb6 5. exd6 cxd6 6. Nc3 g6 7. h3 Bg7 8. Nf3 0-0 9. Be2 Nc6 10. 0-0 e5 11. Be3 Bf5 12. d5 Ne7 13. a4 Rc8 14. Qb3 Qd7 15. a5 Na8 16. Bxa7 Bxh3 17. gxh3 Qxh3 18. Nh2 f5 19. Ra3 Qh4 20. Nb5 Qf6 21. c5 Qg5+ 22. Kh1 Qd2 23. Bc4 Qf4 24. Nxd6 Kh8 25. Qe3 Qh4 26. Nxc8 Rxc8 27. Qe2 e4 28. f4 Bd4 29. Rb3 Bxc5 30. Rxb7 Bxa7 31. Rxa7 Qf6 32. Rd1 Qd6 33. b3 Nc7 34. Qb2+ Kg8 35. Qe5 1-0

[Event "Regionalliga NW 0405"]
[Site "Bayern"]
[Date "2004.12.12"]
[Round "4.4"]
[White "Scherbel, Hans"]
[Black "Albert, Marion"]
[Result "1-0"]
[WhiteElo "1976"]
[BlackElo "2035"]
[PlyCount "109"]
[EventDate "2004.10.24"]
[EventType "team-tourn"]
[EventRounds "9"]
[EventCountry "GER"]
[SourceTitle "EXT 2007"]
[Source "ChessBase"]
[SourceDate "2006.11.23"]
[SourceVersion "1"]
[SourceVersionDate "2006.11.23"]
[SourceQuality "1"]
[WhiteTeam "Nordhalben"]
[BlackTeam "Wuerzburg II"]
[WhiteTeamCountry "GER"]
[BlackTeamCountry "GER"]

1. c4 f5 2. Nc3 g6 3. Nf3 Bg7 4. d4 Nf6 5. g3 0-0 6. Bg2 d6 7. 0-0 c6 8. d5 e5 9. dxe6 Bxe6 10. Qd3 Na6 11. Ng5 Qe8 12. b3 Ne4 13. Ngxe4 fxe4 14. Qd2 d5 15. cxd5 cxd5 16. Bb2 Rd8 17. Rad1 Nc5 18. b4 Na6 19. a3 Nc7 20. Ba1 Bf5 21. e3 d4 22. exd4 Bxd4 23. Qe2 e3 24. Qc4+ Ne6 25. Bd5 exf2+ 26. Kh1 Be3 27. Qe2 Bb6 28. Qe5 Bc7 29. Qe2 Bb6 30. g4 Bxg4 31. Qxg4 Rxd5 32. Nxd5 Qc6 33. Qg2 Qc2 34. Nxb6 axb6 35. Rd7 Qe2 36. Rdd1 Rf3 37. Qg4 Kf7 38. Qg2 h5 39. Rc1 Nf4 40. Qg5 Ne6 41. Qd5 g5 42. Rcd1 Re3 43. Qf5+ Ke8 44. Qg6+ Kf8 45. Qf6+ Ke8 46. Qxf2 Qxf2 47. Rxf2 Nf4 48. Bd4 Rxa3 49. Bxb6 h4 50. Bc7 Nh3 51. Re2+ Kf7 52. b5 Kg6 53. Kg2 g4 54. Rd4 Kf5 55. Re5+ 1-0

[Event "Regionalliga NW 0405"]
[Site "Bayern"]
[Date "2004.11.28"]
[Round "3.4"]
[White "Albert, Marion"]
[Black "Reer, Erdmann"]
[Result "1/2-1/2"]
[WhiteElo "2035"]
[BlackElo "1937"]
[PlyCount "125"]
[EventDate "2004.10.24"]
[EventType "team-tourn"]
[EventRounds "9"]
[EventCountry "GER"]
[SourceTitle "EXT 2007"]
[Source "ChessBase"]
[SourceDate "2006.11.23"]
[SourceVersion "1"]
[SourceVersionDate "2006.11.23"]
[SourceQuality "1"]
[WhiteTeam "Wuerzburg II"]
[BlackTeam "Coburg"]
[WhiteTeamCountry "GER"]
[BlackTeamCountry "GER"]

1. e4 c6 2. Nc3 d5 3. Nf3 dxe4 4. Nxe4 Nf6 5. Ng3 Bg4 6. Bc4 e6 7. h3 Bxf3 8. Qxf3 Nbd7 9. Qe2 Nb6 10. Bb3 Be7 11. 0-0 0-0 12. c3 Qd7 13. d4 Rfe8 14. Bd2 Bd6 15. Ne4 Nxe4 16. Qxe4 e5 17. Bc2 g6 18. Qh4 Be7 19. Qg3 exd4 20. cxd4 Bf6 21. Bc3 Rad8 22. Rad1 Nd5 23. Qf3 Bg7 24. Bb3 Qc7 25. Bd2 Rd7 26. Rc1 Qd8 27. Bc3 Qg5 28. g3 h5 29. h4 Qf6 30. Qd3 Qd6 31. Rce1 Rde7 32. Rxe7 Rxe7 33. a3 Nxc3 34. bxc3 Qxa3 35. Rb1 Qd6 36. d5 cxd5 37. Bxd5 Kh7 38. c4 b6 39. Rd1 a5 40. Qc2 Qc5 41. Bf3 Bd4 42. Kg2 Kg7 43. Qd2 Bf6 44. Qa2 Rc7 45. Bd5 Ra7 46. Qa4 Bd4 47. Rd2 Re7 48. Qd1 Bf6 49. Rd3 Re5 50. Rb3 Rf5 51. Qd2 Bd4 52. f3 Be5 53. Qe2 a4 54. Re3 Bf6 55. Re8 Qd6 56. Ra8 Re5 57. Qc2 a3 58. Rg8+ Kxg8 59. Qxg6+ Kh8 60. Qh6+ Kg8 61. Qg6+ Kh8 62. Qh6+ Kg8 63. Qg6+ 1/2-1/2

[Event "Regionalliga NW 0405"]
[Site "Bayern"]
[Date "2004.11.14"]
[Round "2.4"]
[White "Plakidine, Alexej"]
[Black "Albert, Marion"]
[Result "0-1"]
[WhiteElo "1956"]
[BlackElo "2035"]
[PlyCount "94"]
[EventDate "2004.10.24"]
[EventType "team-tourn"]
[EventRounds "9"]
[EventCountry "GER"]
[SourceTitle "EXT 2007"]
[Source "ChessBase"]
[SourceDate "2006.11.23"]
[SourceVersion "1"]
[SourceVersionDate "2006.11.23"]
[SourceQuality "1"]
[WhiteTeam "Hof"]
[BlackTeam "Wuerzburg II"]
[WhiteTeamCountry "GER"]
[BlackTeamCountry "GER"]

1. d4 f5 2. e4 fxe4 3. Nc3 Nf6 4. Bg5 g6 5. Bc4 Bg7 6. Qe2 c6 7. 0-0-0 d5 8. Bb3 Qd6 9. f3 exf3 10. Nxf3 Bg4 11. Rde1 Bxf3 12. gxf3 Nbd7 13. Kb1 Bf8 14. Bh4 Qf4 15. Bg3 Qxd4 16. Rd1 Qc5 17. Bc7 e5 18. Bxe5 0-0-0 19. Bd4 Qe7 20. Qf2 b6 21. Rhe1 Qd6 22. Re2 Bg7 23. Rde1 Rhe8 24. Qh4 h6 25. Rxe8 Rxe8 26. Rxe8+ Nxe8 27. Bxg7 Nxg7 28. Qxh6 Nh5 29. a3 Ne5 30. f4 Nf7 31. Qh7 Qf6 32. Qg8+ Nd8 33. Ne2 Qe6 34. Qxe6+ Nxe6 35. c4 d4 36. f5 gxf5 37. Bc2 Nhg7 38. h4 Kd7 39. h5 Nxh5 40. Bxf5 c5 41. Kc2 Kd6 42. b4 Nhf4 43. bxc5+ bxc5 44. Nc1 Ng5 45. Bd3 Ng2 46. Bg6 Nf3 47. Be4 Ne3+ 0-1

[Event "Regionalliga NW 0304"]
[Site "Bayern"]
[Date "2004.04.25"]
[Round "9.3"]
[White "Stauch, Edgar"]
[Black "Albert, Marion"]
[Result "1-0"]
[WhiteElo "2077"]
[BlackElo "1994"]
[PlyCount "45"]
[EventDate "2003.10.12"]
[EventType "team-tourn"]
[EventRounds "9"]
[EventCountry "GER"]
[SourceTitle "EXT 2006"]
[Source "ChessBase"]
[SourceDate "2005.11.24"]
[SourceVersion "1"]
[SourceVersionDate "2005.11.24"]
[SourceQuality "1"]
[WhiteTeam "Kronach"]
[BlackTeam "Wuerzburg II"]
[WhiteTeamCountry "GER"]
[BlackTeamCountry "GER"]

1. c4 f5 2. Nf3 Nf6 3. b3 g6 4. Bb2 Bg7 5. d4 0-0 6. g3 d6 7. Bg2 c6 8. 0-0 Na6 9. Nbd2 Qe8 10. Qc2 Nh5 11. Rae1 f4 12. e4 Nb4 13. Qb1 c5 14. a3 Na6 15. d5 e5 16. dxe6 Bxe6 17. Bxg7 Kxg7 18. e5 Bf5 19. Qb2 Qd8 20. exd6+ Nf6 21. Re7+ Kh6 22. Qe5 Nh5 23. g4 1-0

[Event "Regionalliga NW 0203"]
[Site "Bayern"]
[Date "2003.03.09"]
[Round "8.5"]
[White "Albert, Marion"]
[Black "Herdin, Hans Ulrich"]
[Result "1-0"]
[WhiteElo "2005"]
[BlackElo "2066"]
[PlyCount "93"]
[EventDate "2002.10.20"]
[EventType "team-tourn"]
[EventRounds "9"]
[EventCountry "GER"]
[SourceTitle "EXT 2004"]
[Source "ChessBase"]
[SourceDate "2003.11.25"]
[SourceVersion "1"]
[SourceVersionDate "2003.11.25"]
[SourceQuality "1"]
[WhiteTeam "Wuerzburg II"]
[BlackTeam "Kronach"]
[WhiteTeamCountry "GER"]
[BlackTeamCountry "GER"]

1. e4 d6 2. d4 g6 3. Nc3 Bg7 4. Bc4 Nc6 5. Nf3 Nf6 6. h3 0-0 7. 0-0 d5 8. exd5 Nb4 9. Bg5 Nbxd5 10. Nxd5 Nxd5 11. Bxd5 Qxd5 12. Bxe7 Re8 13. Bh4 Bf5 14. c3 Be4 15. Ne1 Qb5 16. b3 g5 17. a4 Qc6 18. Bxg5 Qxc3 19. Be3 Bd5 20. Rb1 Re6 21. Qh5 c6 22. Nf3 Be4 23. Rfc1 Qb4 24. Rc4 Qa3 25. Rbc1 Qxb3 26. Ng5 Bg6 27. Qg4 Rd6 28. h4 h5 29. Qg3 Rd5 30. Nf3 Qd3 31. Ne5 Qf5 32. Nxg6 fxg6 33. Rb4 Rd7 34. Rcb1 b6 35. Rc1 c5 36. dxc5 bxc5 37. Rf4 Qe6 38. Qf3 Rad8 39. Re4 Qa6 40. Bxc5 Rd3 41. Be3 Qa5 42. Re7 Rf8 43. Rxg7+ Kxg7 44. Bh6+ Kxh6 45. Qxf8+ Kh7 46. Qf7+ Kh6 47. Qf4+ 1-0

[Event "Regionalliga NW 0203"]
[Site "Bayern"]
[Date "2003.01.26"]
[Round "5.4"]
[White "Opitz, Alexander"]
[Black "Albert, Marion"]
[Result "1-0"]
[WhiteElo "1936"]
[BlackElo "2005"]
[PlyCount "93"]
[EventDate "2002.10.20"]
[EventType "team-tourn"]
[EventRounds "9"]
[EventCountry "GER"]
[SourceTitle "EXT 2004"]
[Source "ChessBase"]
[SourceDate "2003.11.25"]
[SourceVersion "1"]
[SourceVersionDate "2003.11.25"]
[SourceQuality "1"]
[WhiteTeam "Bayreuth"]
[BlackTeam "Wuerzburg II"]
[WhiteTeamCountry "GER"]
[BlackTeamCountry "GER"]

1. e4 Nf6 2. e5 Nd5 3. d4 d6 4. Nf3 Nb6 5. a4 a5 6. h3 g6 7. Bd3 Bg7 8. 0-0 0-0 9. c3 Nc6 10. exd6 cxd6 11. Bg5 Qc7 12. Na3 e5 13. Nb5 Qd7 14. Bc2 f6 15. Be3 Nc4 16. Bb3 d5 17. dxe5 fxe5 18. Bxc4 dxc4 19. Qxd7 Bxd7 20. Nd6 Bxh3 21. gxh3 Rxf3 22. Kg2 Rff8 23. Nxc4 Rfe8 24. Rfd1 Rad8 25. Bb6 Rxd1 26. Rxd1 e4 27. Rd7 Ne5 28. Nxe5 Rxe5 29. Rxb7 Rg5+ 30. Kf1 Rh5 31. Re7 Rxh3 32. Bxa5 Rh1+ 33. Kg2 Ra1 34. Rxe4 Kf7 35. Bc7 Ra2 36. Rb4 Bf8 37. Rb7 Ke6 38. a5 Kd5 39. Bd8 h5 40. b4 Ra3 41. Bf6 Ra2 42. Rb8 Bh6 43. Bd4 Bf4 44. Ra8 g5 45. a6 h4 46. a7 Ke4 47. Re8+ 1-0

[Event "Regionalliga NW 0102"]
[Site "Bayern"]
[Date "2002.01.20"]
[Round "4.3"]
[White "Herdin, Hans Ulrich"]
[Black "Albert, Marion"]
[Result "1-0"]
[WhiteElo "2095"]
[BlackElo "2015"]
[PlyCount "69"]
[EventDate "2001.10.07"]
[EventType "team-tourn"]
[EventRounds "9"]
[EventCountry "GER"]
[SourceTitle "EXT 2003"]
[Source "ChessBase"]
[SourceDate "2002.11.25"]
[SourceVersion "1"]
[SourceVersionDate "2002.11.25"]
[SourceQuality "1"]
[WhiteTeam "Kronach"]
[BlackTeam "Wuerzburg II"]
[WhiteTeamCountry "GER"]
[BlackTeamCountry "GER"]

1. c4 b6 2. Nf3 Bb7 3. Nc3 Nf6 4. g3 e6 5. Bg2 Bb4 6. 0-0 0-0 7. a3 Bxc3 8. bxc3 c5 9. d3 d6 10. e4 Nbd7 11. Qe2 Qc7 12. Nh4 d5 13. cxd5 exd5 14. Bf4 Qc8 15. Nf5 Qd8 16. e5 Ne8 17. c4 g6 18. e6 fxe6 19. Qxe6+ Kh8 20. Nh6 Kg7 21. Rae1 Rxf4 22. gxf4 Kxh6 23. Re3 Ndf6 24. Qh3+ Nh5 25. Rfe1 Nef6 26. Re7 Qb8 27. R1e5 Ng8 28. Qh4 Nxe7 29. Rxh5+ Kg7 30. Qxe7+ Kg8 31. Qxh7+ Kf8 32. Qh8+ Ke7 33. Re5+ Kd7 34. Qg7+ Kd8 35. Qe7+ 1-0

[Event "Regionalliga NW 0102"]
[Site "Bayern"]
[Date "2001.11.25"]
[Round "3.3"]
[White "Albert, Marion"]
[Black "Breithut, Kurt Georg"]
[Result "0-1"]
[WhiteElo "2015"]
[BlackElo "2100"]
[PlyCount "70"]
[EventDate "2001.10.07"]
[EventType "team-tourn"]
[EventRounds "9"]
[EventCountry "GER"]
[SourceTitle "EXT 2003"]
[Source "ChessBase"]
[SourceDate "2002.11.25"]
[SourceVersion "1"]
[SourceVersionDate "2002.11.25"]
[SourceQuality "1"]
[WhiteTeam "Wuerzburg II"]
[BlackTeam "Coburg"]
[WhiteTeamCountry "GER"]
[BlackTeamCountry "GER"]

1. e4 g6 2. d4 c6 3. Nc3 d5 4. e5 Bg7 5. Bd3 h5 6. h3 Nh6 7. Nf3 Bf5 8. 0-0 Nd7 9. Bg5 Nf8 10. Re1 Bxd3 11. Qxd3 Ne6 12. Rad1 Nf5 13. Bc1 Bh6 14. Bxh6 Rxh6 15. b4 b5 16. a4 a6 17. Qd2 Rh8 18. Ne2 Kf8 19. Nf4 Nxf4 20. Qxf4 e6 21. Rd3 Kg7 22. g4 hxg4 23. hxg4 Nh4 24. Ng5 Qe7 25. Rc3 bxa4 26. Ra1 a5 27. bxa5 Rxa5 28. Raa3 Rb5 29. Rh3 Rb4 30. Kh2 Rc4 31. c3 Qxg5 32. Qg3 Qc1 33. Ra2 g5 34. Qd3 Rb8 35. Rd2 Rb1 0-1

[Event "Regionalliga NW 0001"]
[Site "Bayern"]
[Date "2001.04.01"]
[Round "8.6"]
[White "Albert, Marion"]
[Black "Bieber, Peter"]
[Result "1-0"]
[WhiteElo "2005"]
[BlackElo "2015"]
[PlyCount "79"]
[EventDate "2000.10.15"]
[EventType "team-tourn"]
[EventRounds "9"]
[EventCountry "GER"]
[SourceTitle "EXT 2020"]
[Source "ChessBase"]
[SourceDate "2019.10.17"]
[SourceVersion "1"]
[SourceVersionDate "2019.10.17"]
[SourceQuality "1"]
[WhiteTeam "Wuerzburg II"]
[BlackTeam "Kitzingen SC"]
[WhiteTeamCountry "GER"]
[BlackTeamCountry "GER"]

1. e4 c5 2. Nc3 Nc6 3. g3 g6 4. Bg2 Bg7 5. d3 e6 6. f4 Nge7 7. Be3 Nd4 8. Nf3 0-0 9. 0-0 d5 10. Nh4 Nxc2 11. Qxc2 d4 12. Bf2 dxc3 13. bxc3 Qa5 14. d4 b6 15. Rfe1 Bd7 16. Rac1 Rad8 17. Qe2 cxd4 18. Bxd4 e5 19. fxe5 Bxe5 20. Bxe5 Qxe5 21. Nf3 Qc5+ 22. Kh1 Be6 23. Nd4 Bc4 24. Qe3 Nc6 25. Nxc6 Qxc6 26. Red1 Bxa2 27. Rd4 Be6 28. Rcd1 Rc8 29. R4d3 Kg7 30. h4 h5 31. e5 Qc7 32. Qg5 f6 33. exf6+ Rxf6 34. Rd6 Rcf8 35. Qe5 Qf7 36. Be4 Kg8 37. Bg2 Bc4 38. Rd7 Qe8 39. Re7 Qc6 40. Bxc6 1-0

[Event "Regionalliga NW 0001"]
[Site "Bayern"]
[Date "2001.02.18"]
[Round "6"]
[White "Zschunke, Werner"]
[Black "Albert, Marion"]
[Result "1/2-1/2"]
[WhiteElo "2030"]
[BlackElo "2005"]
[PlyCount "95"]
[EventDate "2000.10.15"]
[EventType "team-tourn"]
[EventRounds "9"]
[EventCountry "GER"]
[SourceTitle "EXT 2020"]
[Source "ChessBase"]
[SourceDate "2019.10.17"]
[SourceVersion "1"]
[SourceVersionDate "2019.10.17"]
[SourceQuality "1"]
[WhiteTeam "Schweinfurt Fr"]
[BlackTeam "Wuerzburg II"]
[WhiteTeamCountry "GER"]
[BlackTeamCountry "GER"]

1. c4 g6 2. Nc3 f5 3. d4 Bg7 4. g3 d6 5. Bg2 Nc6 6. Nf3 Nf6 7. d5 Ne5 8. Nxe5 dxe5 9. e4 0-0 10. 0-0 e6 11. Qe2 Nh5 12. dxe6 f4 13. Rd1 Qe8 14. Nd5 Bxe6 15. Nxc7 Qf7 16. Nxe6 Qxe6 17. g4 Nf6 18. f3 Rfd8 19. b3 Qb6+ 20. Kf1 Rxd1+ 21. Qxd1 Rd8 22. Qe2 Bf8 23. Bb2 Qd6 24. Bc3 b6 25. Ke1 Qc5 26. Rd1 Qg1+ 27. Bf1 Rxd1+ 28. Kxd1 Bd6 29. Ke1 Kf7 30. b4 Ke7 31. Qf2 Qxf2+ 32. Kxf2 g5 33. Ke1 Nd7 34. Kd2 Ke6 35. Be2 Nb8 36. Bd1 Nc6 37. a3 a5 38. c5 axb4 39. Bb3+ Kd7 40. axb4 bxc5 41. bxc5 Bxc5 42. Ba4 Bd6 43. Kd3 Kc7 44. Bxc6 Kxc6 45. Kc4 Bc7 46. Bb4 Bd8 47. Bf8 Bf6 48. Bc5 1/2-1/2

[Event "Regionalliga NW 0001"]
[Site "Bayern"]
[Date "2000.12.10"]
[Round "3.5"]
[White "Albert, Marion"]
[Black "Kuespert, Helmut"]
[Result "1-0"]
[WhiteElo "2005"]
[BlackElo "1940"]
[PlyCount "97"]
[EventDate "2000.10.15"]
[EventType "team-tourn"]
[EventRounds "9"]
[EventCountry "GER"]
[SourceTitle "EXT 2020"]
[Source "ChessBase"]
[SourceDate "2019.10.17"]
[SourceVersion "1"]
[SourceVersionDate "2019.10.17"]
[SourceQuality "1"]
[WhiteTeam "Wuerzburg II"]
[BlackTeam "Marktleuthen"]
[WhiteTeamCountry "GER"]
[BlackTeamCountry "GER"]

1. e4 c5 2. Nc3 Nc6 3. g3 g6 4. Bg2 Bg7 5. d3 d6 6. f4 e6 7. Nf3 Nge7 8. 0-0 0-0 9. Be3 Nd4 10. e5 Nec6 11. Ne4 dxe5 12. fxe5 Nxf3+ 13. Bxf3 Nxe5 14. Nxc5 Nxf3+ 15. Qxf3 Qd5 16. Qxd5 exd5 17. c3 b6 18. Nb3 Ba6 19. Rad1 Rae8 20. Kf2 Re7 21. Nc1 Rfe8 22. Rfe1 f5 23. Bf4 Bb7 24. Rxe7 Rxe7 25. Re1 Kf7 26. Rxe7+ Kxe7 27. Ke3 Ke6 28. d4 Bf8 29. Nd3 Be7 30. h4 Ba6 31. Ne5 Bd6 32. Nc6 Bxf4+ 33. Kxf4 Kd6 34. Nb4 Bb7 35. Kg5 Ke6 36. Kh6 Kf6 37. Nd3 Bc6 38. Ne5 Be8 39. Kxh7 g5 40. hxg5+ Kxg5 41. Kg7 a5 42. Kf8 Ba4 43. Ke7 f4 44. gxf4+ Kxf4 45. Kd6 Ke4 46. Nd7 Bxd7 47. Kxd7 b5 48. Kc6 b4 49. cxb4 1-0

[Event "Bayern-chI Bank Hofmann 4th"]
[Site "Bad Wiessee"]
[Date "2000.11.01"]
[Round "5"]
[White "Albert, Marion"]
[Black "Roettgen, Juergen"]
[Result "1/2-1/2"]
[WhiteElo "2068"]
[BlackElo "2185"]
[PlyCount "104"]
[EventDate "2000.10.28"]
[EventType "swiss"]
[EventRounds "9"]
[EventCountry "GER"]
[SourceTitle "EXT 2003"]
[Source "ChessBase"]
[SourceDate "2002.11.25"]
[SourceVersion "1"]
[SourceVersionDate "2002.11.25"]
[SourceQuality "1"]

1. e4 c5 2. Nc3 e6 3. g3 d5 4. exd5 exd5 5. Bg2 Nf6 6. Nge2 d4 7. Ne4 Nc6 8. 0-0 Be7 9. Nxf6+ Bxf6 10. Nf4 0-0 11. Qh5 Ne5 12. h3 g6 13. Qe2 Rb8 14. d3 Re8 15. Nd5 Bxh3 16. Bxh3 Qxd5 17. Bg2 Qd7 18. Bf4 Nc6 19. Qd2 Rbd8 20. a3 Re7 21. Rfe1 Rde8 22. Kf1 Nd8 23. Rxe7 Qxe7 24. Re1 Ne6 25. Qa5 a6 26. Qb6 Qd7 27. Qxb7 Qxb7 28. Bxb7 a5 29. Bc6 Rd8 30. Bd2 Rd6 31. Bb5 Bd8 32. a4 Kg7 33. Bc4 Kf6 34. f4 h5 35. Kg2 Rb6 36. Bxe6 Rxe6 37. Kf3 Rxe1 38. Bxe1 Kf5 39. c3 dxc3 40. bxc3 f6 41. Bf2 Be7 42. d4 cxd4 43. Bxd4 Bd8 44. c4 g5 45. Ba7 Ke6 46. fxg5 fxg5 47. Ke4 Bc7 48. Bf2 Bd8 49. Ba7 h4 50. gxh4 gxh4 51. Kf4 Kd6 52. Kg4 Kc6 1/2-1/2

[Event "Bayern-chI Bank Hofmann 4th"]
[Site "Bad Wiessee"]
[Date "2000.10.30"]
[Round "3"]
[White "Albert, Marion"]
[Black "Meschke, Andreas"]
[Result "0-1"]
[WhiteElo "2068"]
[BlackElo "2207"]
[PlyCount "100"]
[EventDate "2000.10.28"]
[EventType "swiss"]
[EventRounds "9"]
[EventCountry "GER"]
[SourceTitle "EXT 2003"]
[Source "ChessBase"]
[SourceDate "2002.11.25"]
[SourceVersion "1"]
[SourceVersionDate "2002.11.25"]
[SourceQuality "1"]

1. e4 e5 2. d4 exd4 3. Qxd4 Nc6 4. Qe3 Nf6 5. Nc3 Bb4 6. Bd2 0-0 7. 0-0-0 d6 8. Qg3 Ne5 9. f4 Bxc3 10. Qxc3 Nxe4 11. Qd4 Nxd2 12. Rxd2 Nc6 13. Qc3 Re8 14. Qg3 Be6 15. Nf3 Qf6 16. Ng5 h6 17. Ne4 Qg6 18. Qxg6 fxg6 19. Nc3 Re7 20. Bd3 Bf7 21. a3 Rae8 22. g4 a6 23. h4 Kf8 24. Rf2 Kg8 25. Kd2 Na5 26. b3 c5 27. g5 c4 28. bxc4 Nxc4+ 29. Bxc4 Bxc4 30. gxh6 gxh6 31. h5 gxh5 32. Rxh5 Kh7 33. Rfh2 Re6 34. Rf5 Rg6 35. Nd5 Bxd5 36. Rxd5 Re4 37. Rf5 Kg7 38. Rf2 Rf6 39. Rxf6 Kxf6 40. Rh2 Kg6 41. Rh4 Kg7 42. Rg4+ Kh7 43. Rh4 Ra4 44. Kd3 Rxa3+ 45. Ke4 Ra5 46. Rg4 Rc5 47. Kd3 a5 48. Rg2 a4 49. Ke4 a3 50. Ke3 Ra5 0-1

[Event "Passau op 8th"]
[Site "Passau"]
[Date "2000.04.24"]
[Round "7"]
[White "Albert, Marion"]
[Black "Meyer, Joerg Dieter"]
[Result "1-0"]
[WhiteElo "2075"]
[BlackElo "1863"]
[PlyCount "85"]
[EventDate "2000.04.21"]
[EventType "swiss"]
[EventRounds "7"]
[EventCountry "GER"]
[SourceTitle "CBM 076 Extra"]
[Source "ChessBase"]
[SourceDate "2000.07.11"]
[SourceVersion "1"]
[SourceVersionDate "2000.07.11"]
[SourceQuality "1"]

1. e4 e6 2. d4 d5 3. Nc3 Bb4 4. a3 Bxc3+ 5. bxc3 b6 6. e5 Ne7 7. Qg4 Nf5 8. Bd3 h5 9. Qe2 c5 10. Nf3 Nh4 11. Bb5+ Bd7 12. Bxd7+ Nxd7 13. a4 Nxf3+ 14. Qxf3 Qh4 15. Qd3 c4 16. Qe2 Qg4 17. f3 Qh4+ 18. Qf2 Qxf2+ 19. Kxf2 f6 20. exf6 gxf6 21. Re1 Kf7 22. Bf4 Nf8 23. a5 Ng6 24. Bd6 bxa5 25. Rxa5 Rhd8 26. Ra6 Rd7 27. Rea1 Ne7 28. Bc5 Nf5 29. Rxa7 Rdxa7 30. Rxa7+ Rxa7 31. Bxa7 Nd6 32. Bc5 Ne8 33. g4 Kg6 34. Kg3 Ng7 35. Kf4 Ne8 36. Be7 Kf7 37. Bd8 Ng7 38. g5 Ne8 39. Bxf6 Nxf6 40. gxf6 Kxf6 41. h4 Kg6 42. Ke5 Kf7 43. f4 1-0

[Event "Passau op 8th"]
[Site "Passau"]
[Date "2000.04.22"]
[Round "3"]
[White "Albert, Marion"]
[Black "Rahn, Manfred"]
[Result "1-0"]
[WhiteElo "2075"]
[BlackElo "1720"]
[PlyCount "73"]
[EventDate "2000.04.21"]
[EventType "swiss"]
[EventRounds "7"]
[EventCountry "GER"]
[SourceTitle "CBM 076 Extra"]
[Source "ChessBase"]
[SourceDate "2000.07.11"]
[SourceVersion "1"]
[SourceVersionDate "2000.07.11"]
[SourceQuality "1"]

1. e4 e5 2. d4 exd4 3. Qxd4 Nc6 4. Qe3 d6 5. Bd2 Nf6 6. Nc3 Be6 7. 0-0-0 g6 8. h3 Bg7 9. f4 Qe7 10. Nf3 d5 11. e5 Nh5 12. g4 Ng3 13. Rg1 Nxf1 14. Rdxf1 0-0-0 15. Nd4 Nxd4 16. Qxd4 c5 17. Qa4 a6 18. Qa3 Bf8 19. f5 d4 20. Ne4 Bc4 21. Nd6+ Rxd6 22. exd6 Qxd6 23. Bf4 Qd5 24. Re1 Bd6 25. Bxd6 Qxd6 26. Qg3 Qf6 27. b3 Bb5 28. Qe5 Qg5+ 29. Kb2 Rd8 30. Qxc5+ Kb8 31. a4 Bc6 32. Qe7 Qxe7 33. Rxe7 d3 34. Rd1 d2 35. Kc3 Bg2 36. Re3 gxf5 37. gxf5 1-0

[Event "Passau op 8th"]
[Site "Passau"]
[Date "2000.04.21"]
[Round "1"]
[White "Albert, Marion"]
[Black "Marx, Richart"]
[Result "1-0"]
[WhiteElo "2075"]
[BlackElo "1558"]
[PlyCount "31"]
[EventDate "2000.04.21"]
[EventType "swiss"]
[EventRounds "7"]
[EventCountry "GER"]
[SourceTitle "CBM 076 Extra"]
[Source "ChessBase"]
[SourceDate "2000.07.11"]
[SourceVersion "1"]
[SourceVersionDate "2000.07.11"]
[SourceQuality "1"]

1. e4 g6 2. d4 Bg7 3. Nc3 d6 4. Bc4 Nf6 5. Qe2 a6 6. e5 dxe5 7. dxe5 Nfd7 8. Nf3 b5 9. Bxf7+ Kxf7 10. Ng5+ Kg8 11. Qf3 Nxe5 12. Qxa8 Nbc6 13. Bf4 Nd4 14. 0-0-0 b4 15. Rxd4 Qxd4 16. Qxc8+ 1-0

[Event "Passau op 8th"]
[Site "Passau"]
[Date "2000.04.21"]
[Round "2"]
[White "Dengler, Peter"]
[Black "Albert, Marion"]
[Result "1-0"]
[WhiteElo "2272"]
[BlackElo "2075"]
[PlyCount "33"]
[EventDate "2000.04.21"]
[EventType "swiss"]
[EventRounds "7"]
[EventCountry "GER"]
[SourceTitle "CBM 076 Extra"]
[Source "ChessBase"]
[SourceDate "2000.07.11"]
[SourceVersion "1"]
[SourceVersionDate "2000.07.11"]
[SourceQuality "1"]

1. d4 d5 2. c3 e6 3. Nf3 c5 4. Bf4 Nc6 5. e3 Nf6 6. Bd3 Be7 7. Nbd2 0-0 8. Ne5 Nxe5 9. dxe5 Nd7 10. Qh5 f5 11. g4 d4 12. gxf5 Nxe5 13. Bxe5 dxe3 14. Rg1 exd2+ 15. Ke2 Bf6 16. fxe6 h6 17. Qxh6 1-0

[Event "Cesenatico op 4th"]
[Site "Cesenatico"]
[Date "1999.??.??"]
[Round "9"]
[White "Albert, Marion"]
[Black "Danielsen, Heini"]
[Result "0-1"]
[WhiteElo "2103"]
[BlackElo "2165"]
[PlyCount "74"]
[EventDate "1999.??.??"]
[EventType "swiss"]
[EventRounds "9"]
[EventCountry "ITA"]
[SourceTitle "EXT 2000"]
[Source "ChessBase"]
[SourceDate "1999.11.16"]
[SourceVersion "1"]
[SourceVersionDate "1999.11.16"]
[SourceQuality "1"]

1. e4 c5 2. d4 cxd4 3. c3 dxc3 4. Nxc3 Nc6 5. Nf3 e6 6. Bc4 a6 7. 0-0 Qc7 8. Qe2 Bd6 9. Rd1 Nge7 10. Be3 Ng6 11. Rac1 Nge5 12. Nxe5 Bxe5 13. g3 b5 14. Bb3 Bb7 15. f4 Bd6 16. Qf2 Rc8 17. Bb6 Qb8 18. Qd2 Ba8 19. Be3 Be7 20. Qxd7+ Kf8 21. Qd2 Na5 22. Nxb5 Nxb3 23. Rxc8+ Qxc8 24. axb3 axb5 25. b4 Bxe4 26. Rc1 Qd8 27. Qf2 f6 28. Bb6 Qd7 29. Qe1 Qb7 30. Qe3 Kf7 31. Rc7 Qd5 32. Qc3 Re8 33. Bd4 Bh1 34. Kf2 Qg2+ 35. Ke1 Ra8 36. b3 Ra2 37. Qe3 Ke8 0-1

[Event "Sportland NRW-Cup"]
[Site "Senden"]
[Date "1999.??.??"]
[Round "6"]
[White "Albert, Marion"]
[Black "Diedam, Norbert"]
[Result "0-1"]
[WhiteElo "2100"]
[BlackElo "2225"]
[PlyCount "82"]
[EventDate "1999.10.??"]
[EventType "swiss"]
[EventRounds "9"]
[EventCountry "GER"]
[SourceTitle "EXT 2000"]
[Source "ChessBase"]
[SourceDate "1999.11.16"]
[SourceVersion "1"]
[SourceVersionDate "1999.11.16"]
[SourceQuality "1"]

1. e4 c5 2. Nc3 Nc6 3. g3 g6 4. Bg2 Bg7 5. d3 d6 6. f4 e6 7. Nf3 Nge7 8. 0-0 0-0 9. Be3 Rb8 10. a4 a6 11. h3 b5 12. axb5 axb5 13. Rb1 Nd4 14. Ne2 Nxf3+ 15. Rxf3 Bb7 16. Rf1 Qc7 17. g4 f5 18. b4 Ba8 19. Ng3 Bd4 20. Bxd4 cxd4 21. gxf5 exf5 22. h4 Rbc8 23. Rf2 Rf7 24. Bh3 Rcf8 25. Qf1 Kh8 26. Kh2 Ng8 27. h5 Qe7 28. exf5 gxf5 29. Ne2 Qh4 30. Nxd4 Rg7 31. Rf3 Qxh5 32. Rg3 Rxg3 33. Kxg3 Rf6 34. Qe2 Rg6+ 35. Kh2 Rg2+ 36. Qxg2 Bxg2 37. Kxg2 Ne7 38. Ra1 Qg6+ 39. Kf2 Qf6 40. Ra8+ Kg7 41. Ke3 Nd5+ 0-1